Представление документа в формате RUSMARC

ПолеНазваниеЗначение
  Тип записи a
  Библиографический уровень m
001 Контрольный номер RU/SLIB/B/208718973
005 Дата корректировки 20201206203937.9
010 Индекс ISBN __
d Цена 2-04
101 Язык документа __
a Язык текста rus
200 Заглавие и сведения об ответственности 1_
a Заглавие Непокоренный Ленинград
e Сведения, относящиеся к заглавию крат. очерк истории города в период Великой Отечественной войны
b Общее обозначение материала Текст
205 Сведения об издании __
a Основные сведения об издании 2-е изд., перераб. и доп.
210 Выходные данные __
a Место издания Л.
c Издательство Наука
d Дата издания 1974
215 Физическое описание __
a Объем 503 с.
606 Тематические рубрики __
a Основная рубрика История
y Географическая подрубрика Санкт-Петербург; Ленинград; Россия; СССР
606 Тематические рубрики __
a Основная рубрика История России и СССР (октябрь 1917 - 1991 г.)
610 Ключевые слова __
a Ключевые слова защитники; блокада ленинграда; города-герои; очерки; города; войны; историческая литература
686 Индексы других классификаций __
a Классификационный индекс 63.3(2)622,82; ст63.3(2)622,82
801 Источник записи _0
a Страна RU
b Организация Муниципальное бюджетное учреждение культуры "Централизованная библиотечная система" г. Сургут (Центральная городская библиотека им. А. С. Пушкина)
g Правила каталогизации ОК/Цикалюк
801 Источник записи _1
a Страна RU
b Организация Муниципальное бюджетное учреждение культуры "Централизованная библиотечная система" г. Сургут (Центральная городская библиотека им. А. С. Пушкина)
g Правила каталогизации ОК/Цикалюк
852 Данные о местонахождении __
j Шифр хранения 63.3(2)622,82
c Каталожный индекс 63.3(2)622.72
i Авторский знак Н 53
p Инвентарный номер 47755(с)
901 Тип документа __
t Тип документа m
990 Данные о заказе (DOS) __
j Количество экземпляров (DOS) 1